| 000 | 00644nam a2200217Ia 4500 | ||
|---|---|---|---|
| 003 | GCL | ||
| 008 | 140319s9999 xx 000 0 ara d | ||
| 040 |
_aGCL / _cGCL |
||
| 082 | 0 | 4 |
_aط _b813.088 _bع ا |
| 100 | 1 | _aعبدالحميد توفيق | |
| 245 | 1 | 0 |
_aادم وإدريس عليهما السلام / _cعبدالحميد توفيق |
| 700 | 1 | _aسلامة محمد سلامة | |
| 260 |
_a[S.N] : _bسفير ، _c1993 |
||
| 300 | _a16 ص | ||
| 490 |
_aانبياء الله _v0 |
||
| 650 | 0 | 4 | _aالاطفال |
| 650 | 0 | 4 | _aالقصص |
| 650 | 0 | 4 | _aقصص الاطفال |
| 650 | 0 | 4 | _aقصص الانبياء |
| 942 |
_2ddc _cBK |
||
| 999 |
_c56454 _d56454 |
||